| 000 | 00659nam a22002297a 4500 | ||
|---|---|---|---|
| 005 | 20170124110128.0 | ||
| 010 | _aB-023987 | ||
| 020 | _c00.00 | ||
| 035 | _aB-023987 | ||
| 037 | _bCen Lib/Ret | ||
| 040 |
_aDPL _bEN |
||
| 082 |
_aS _bPAN |
||
| 100 |
_aPanda, Hrusikesh _931762 |
||
| 245 |
_aBonsai and other stories / _cby Hrusikesh Panda; translated by Lipipuspa Nayak |
||
| 260 |
_bWriters Workshop Publication _aCalcutta _c1999 |
||
| 270 |
_bCalcutta _a162/92 Lake Gardens _e700045 |
||
| 300 |
_a64p. _c22cm(Hb) |
||
| 650 |
_aShort stories _944 |
||
| 650 |
_aIndic Fiction _931763 |
||
| 700 |
_aNayak, Lipipuspa _931764 |
||
| 942 |
_2ddc _cEN _hS _mPAN |
||
| 999 |
_c131439 _d131439 |
||